| 000 | 00421nam a2200181Ia 4500 | ||
|---|---|---|---|
| 005 | 20240823041443.0 | ||
| 008 | 240823s9999||||xx |||||||||||||| ||und|| | ||
| 041 | _aTAMIL | ||
| 082 | _A828.91402 N4 | ||
| 100 | _aSankaran S | ||
| 245 | 0 | _aKushvanthsing Jokes | |
| 250 | _a5th | ||
| 260 |
_c1994 _b"Kannadhasan Pathippagam,Ch" |
||
| 500 | _aTRANSFERED | ||
| 650 |
_aJokes _bGeneral |
||
| 942 | _cBK | ||
| 999 |
_c205538 _d205538 |
||